000 00648cam a22002413a 4500
001 28048
003 PGUSA
005 20140828083615.0
008 090211s2009||||xxu|||||s|||||000 1 eng d
040 _aPGUSA
_beng
042 _adc
100 1 _aMattox, Alan
245 1 0 _aShepherd of the Planets
_h[electronic resource] /
_cAlan Mattox
260 _bProject Gutenberg,
_c2009
506 _aPublic domain in the USA.
516 _aElectronic text
653 _aScience fiction
653 _aShort stories
700 1 _aSummers, Leo
830 0 _aProject Gutenberg
_v28048
856 4 0 _uhttp://www.gutenberg.org/ebooks/28048
942 _cEB
999 _c257303
_d257303